Regioni italiane per PIL (nominale) pro capite - Statistics

Statistiche generali
  • Questo quiz è stato fatto 32 volte
  • Il punteggio medio è 9 su 10
Statistiche sulle risposte
PIL (nominale) pro capite (€) Regione % Corretto
38 600 Lombardia
100%
36 200 Emilia-Romagna
97%
33 600 Lazio
97%
47 100 Provincia autonoma di Bolzano
97%
38 000 Provincia autonoma di Trento
97%
32 100 Liguria
93%
31 500 Piemonte
93%
31 500 Toscana
93%
33 200 Veneto
93%
38 900 Valle d'Aosta
83%
Nessun quiz corrispondente trovato
Distribuzione punteggi
Percentuale di utenti per punteggio
Percentile per numero di risposta
I tuoi punteggi nel tempo
Non hai fatto questo quiz